000 00417nam a22001577a 4500
005 20251108165346.0
008 250721s2000 xx 000 0 ara d
082 1 4 _a301/عيس
100 1 _aالعيسى، جهينة سلطان
245 1 0 _aعلم الإجتماع /
264 1 _aدمشق :
_bالأهالي،
_c2000.
300 _aج
650 1 7 _aعلم الإجتماع
942 _2ddc
_cBK
999 _c25989
_d25989